1504 1243 1279 1466 1730 1082 1589 1499 1404 1021 1239 1886 1682 1485 1974 1337 1885 1998 1353 1346 1265 1931 1054 1700 1782 1729 1905 1416 1479 1153 1123 1930 1070 1172 1391 1506 1947 1510 1867 1459 1931 1668 1802 1421 1986 1733 1065 1117 1590 1559 1809 1638 1502 1756 1356 1016 1403 1121 1769 1486 1116 1864 1882 1318 1271 1454 1943 1835 1238 1814 1806 1882 1515 1415 1544 1038 1119 1844 1883 1473 1038 1232 1018 1426 1658 1852 1069 1673 1736 1868 1988 1941 1807 1108 1946 1843 1510 1964 1142 BCNSPRNW ULIB Ver.6.0+V

เปลี่ยนเป็นภาษาไทย

Change to English
 แสดงรายละเอียดบรรณานุกรม
  กลับหน้าหลัก

Brief Record : Get Marc (ISO 2709) : E-mail record : QR code < ปิดหน้าต่าง
LEADER : 00000nam 2200000uu 4500
001    13399121595
003     ULIB
008    121126s2552||||th 000 0 tha d
020    ^a9789741111015
060 04 ^aWT100^bป525
245 00 ^aปัญหาสุขภาพที่พบบ่อยในผู้สูงอายุและการป้องกัน /^cประเสริฐอัสสันตชัย, บรรณาธิการ
250    ^aพิมพ์ครั้งที่ 1
260    ^aกรุงเทพฯ :^bภาควิชาเวชศาสตร์ป้องกันและสังคมคณะแพทยศาสตร์ศิริราชพยาบาล มหาวิทยาลัยมหิดล,^c2552
300    ^aก-ญ, 490 หน้า :^bภาพประกอบ ;^c30 ซม.
500    ^aหนังสือได้รับรางวัลประเภทดี รางวัลตำราศิริราช-มหิดล ปี2552
650  7 ^aผู้สูงอายุ^xสุขภาพและอนามัย
650  7 ^aผู้สูงอายุ
650  7 ^aรางวัลตำราศิริราช-มหิดล
653    ^aผลงานอาจารย์คณะแพทยศาสตร์ศิริราชพยาบาล
700 0  ^aประเสริฐ อัสสันตชัย,^eบรรณาธิการ
710 2  ^aมหาวิทยาลัยมหิดล. ^bคณะแพทยศาสตร์ศิริราชพยาบาล.^bภาควิชาเวชศาสตร์ป้องกันและสังคม
945    ^p800^l0^i15943
945    ^p800^l0^i15944
995    ^aวิภา
999 ^a ใช้งานได้ทุกระบบ
รายการนี้ยังไม่มีแท็ก
คุณยังไม่ได้ล็อกอิน คุณสามารถมีกิจกรรมร่วมกับเว็บไซต์ได้ แต่ต้องล็อกอินก่อน ::
  ล็อกอิน

รายการสื่อสารสนเทศ

ลำดับที่ ประเภท เลขเรียก/บาร์โค้ด สถานที่ สถานะ
- ไม่พบข้อมูล -

รายการใกล้เคียง
    หัวเรื่อง [ผู้สูงอายุ]
    หัวเรื่อง [รางวัลตำราศิริราช-มหิดล]

BibComment


ยังไม่เคยถูกคอมเมนท์

คอมเมนท์ทรัพยากรรายการนี้
  คอมเมนท์: ปัญหาสุขภาพที่พบ..


 Copyright 2026. Bcnsprnw @Library